000 00427nam a2200181Ia 4500
005 20240823062608.0
008 240823s9999||||xx |||||||||||||| ||und||
041 _aENGLISH
082 _A659.1 N5
100 _a"Aaker,David A"
245 0 _aAdvertising management
250 _a4th
260 _c1995
_b"P.H.I.,New Delhi"
500 _aYES
650 _aAdvertising
_bManagement Studies
942 _cBK
999 _c236252
_d236252